000 00351nam a2200157Ia 4500
008 230524s9999 xx 000 0 und d
082 _a4
_bKAN
100 _aYashavant Kanetkar
245 0 _aExploring C
250 _a1ST
260 _aNEW DELHI
_bBPB
_c2005
300 _a513
500 _aQuantity Number: 40
650 _aComp-Sc
942 _cBK
999 _c12616
_d12616